000 004590000a22001810004500
003 LK-CoMWRAF
008 230817t ||||| |||| 00| 0 eng d
040 _aLK-CoMWRAF
_dLK-CoMWRAF
_eLK-CoMWRAF
041 _aeng
082 _a910
_bRAH
100 _aRaheem, Abdur
245 _aManidap Punitham Abraham Lincon
_b
260 _bUniversal Publishers
_aChennai (India)
_c1957
300 _ap.135
650 _aBiography
650 _aTamil Text
942 _cBK
999 _c2353
_d2353